[Event "AUT-chT2W 1516"]
[Site "Austria"]
[Date "2016.03.06"]
[Round "11.3"]
[White "Praxmarer, Christian"]
[Black "Sandholzer, Robert"]
[Result "1/2-1/2"]
[WhiteElo "2031"]
[BlackElo "2160"]
[PlyCount "53"]
[EventDate "2015.10.16"]
[EventType "team-tourn"]
[EventRounds "11"]
[EventCountry "AUT"]
[SourceTitle "EXT 2017"]
[Source "ChessBase"]
[SourceDate "2016.10.25"]
[SourceVersion "1"]
[SourceVersionDate "2016.10.25"]
[SourceQuality "1"]
[WhiteTeam "Pradl"]
[BlackTeam "Hohenems II"]
[WhiteTeamCountry "AUT"]
[BlackTeamCountry "AUT"]

1. f4 d5 2. Nf3 g6 3. g3 Bg7 4. Bg2 c6 5. c3 Qb6 6. d4 Nh6 7. 0-0 Nd7 8. Nbd2 Nf6 9. Ne5 Nf5 10. Rf3 Nd6 11. Rf2 Ng4 12. Nxg4 Bxg4 13. Qb3 0-0 14. e4 dxe4 15. Nxe4 Nxe4 16. Qxb6 axb6 17. Bxe4 Be6 18. a3 Rfd8 19. f5 Bd5 20. Bxd5 Rxd5 21. fxg6 hxg6 22. Be3 b5 23. Raf1 Rf8 24. Bf4 Bf6 25. Be3 Bg7 26. Bf4 Bf6 27. Be3 1/2-1/2

[Event "AUT-chT2W 1516"]
[Site "Austria"]
[Date "2016.03.04"]
[Round "9.2"]
[White "Sandholzer, Robert"]
[Black "Platzgummer, Fabian"]
[Result "1-0"]
[WhiteElo "2160"]
[BlackElo "2340"]
[PlyCount "67"]
[EventDate "2015.10.16"]
[EventType "team-tourn"]
[EventRounds "11"]
[EventCountry "AUT"]
[SourceTitle "EXT 2017"]
[Source "ChessBase"]
[SourceDate "2016.10.25"]
[SourceVersion "1"]
[SourceVersionDate "2016.10.25"]
[SourceQuality "1"]
[WhiteTeam "Hohenems II"]
[BlackTeam "Zillertal"]
[WhiteTeamCountry "AUT"]
[BlackTeamCountry "AUT"]

1. e4 c5 2. c3 d5 3. exd5 Qxd5 4. d4 Nf6 5. Nf3 e6 6. a3 Nc6 7. Be3 cxd4 8. cxd4 Be7 9. Nc3 Qd6 10. Bd3 0-0 11. 0-0 b6 12. Qe2 Bb7 13. Rad1 Rac8 14. Rfe1 Rfd8 15. Bb1 h6 16. Qd3 Bf8 17. h3 Ne7 18. Ne5 Nf5 19. Ng4 Nd5 20. Ne4 Qc6 21. Ne5 Qa4 22. Ng3 Ba6 23. Qe4 Nf6 24. Qf3 Nxe3 25. fxe3 Bd6 26. Ng4 Nxg4 27. Qxg4 Bxg3 28. Qxg3 Rd7 29. Qf4 Rcd8 30. Qe4 g6 31. Qg4 Kg7 32. Qg3 h5 33. Rc1 Re8 34. Be4 1-0

[Event "Oberliga Wuerttemberg 1516"]
[Site "Wuerttemberg"]
[Date "2015.09.20"]
[Round "1.4"]
[White "Sandholzer, Robert"]
[Black "Lemke, Johannes"]
[Result "1-0"]
[WhiteElo "2162"]
[BlackElo "2060"]
[PlyCount "51"]
[EventDate "2015.09.20"]
[EventType "team-tourn"]
[EventRounds "9"]
[EventCountry "GER"]
[SourceTitle "EXT 2019"]
[Source "ChessBase"]
[SourceDate "2018.10.10"]
[SourceVersion "1"]
[SourceVersionDate "2018.10.10"]
[SourceQuality "1"]
[WhiteTeam "Jedesheim"]
[BlackTeam "Sontheim/Brenz"]
[WhiteTeamCountry "GER"]
[BlackTeamCountry "GER"]

1. e4 c5 2. c3 e6 3. d4 d5 4. exd5 exd5 5. Nf3 Nc6 6. Bb5 Be6 7. dxc5 Bxc5 8. 0-0 Nge7 9. Nbd2 0-0 10. Nb3 Bd6 11. Re1 a6 12. Bd3 Qc7 13. h3 h6 14. Bc2 Rfd8 15. Be3 b5 16. a3 Bf5 17. Bxf5 Nxf5 18. Qd3 Nfe7 19. Nbd4 Nxd4 20. Nxd4 Be5 21. Rad1 Qc4 22. Qb1 Rac8 23. Bxh6 Bf6 24. Be3 a5 25. b3 Qxc3 26. Rc1 1-0

[Event "AUT-chT2W 1314"]
[Site "Austria"]
[Date "2013.10.19"]
[Round "2.4"]
[White "Sandholzer, Robert"]
[Black "Pogan, Nikolas"]
[Result "1/2-1/2"]
[WhiteElo "2153"]
[BlackElo "2274"]
[PlyCount "61"]
[EventDate "2013.10.18"]
[EventType "team-tourn"]
[EventRounds "11"]
[EventCountry "AUT"]
[SourceTitle "EXT 2014"]
[Source "ChessBase"]
[SourceDate "2013.11.20"]
[SourceVersion "1"]
[SourceVersionDate "2013.11.20"]
[SourceQuality "1"]
[WhiteTeam "Hohenems II"]
[BlackTeam "Rum Rochade"]
[WhiteTeamCountry "AUT"]
[BlackTeamCountry "AUT"]

1. e4 d6 2. d4 Nf6 3. Nc3 e5 4. Nf3 Nbd7 5. Bc4 Be7 6. 0-0 0-0 7. Re1 a6 8. a4 b6 9. h3 c6 10. Be3 Bb7 11. Ba2 b5 12. axb5 axb5 13. b4 exd4 14. Nxd4 d5 15. exd5 Bxb4 16. dxc6 Bxc3 17. cxb7 Ra4 18. Nxb5 Bxa1 19. Qxa1 Qa5 20. Nc3 Ra3 21. Bd2 Qa6 22. Qb2 Rb8 23. Rb1 Ra5 24. Bf4 Ne5 25. Qb3 Nfd7 26. Bxe5 Nxe5 27. f4 Ra3 28. Qd5 Ra5 29. Qb3 Ra3 30. Qd5 Ra5 31. Qb3 1/2-1/2

[Event "AUT-chT2W 1314"]
[Site "Austria"]
[Date "2013.10.18"]
[Round "1.5"]
[White "Matt, Fabian"]
[Black "Sandholzer, Robert"]
[Result "1/2-1/2"]
[WhiteElo "2222"]
[BlackElo "2153"]
[PlyCount "112"]
[EventDate "2013.10.18"]
[EventType "team-tourn"]
[EventRounds "11"]
[EventCountry "AUT"]
[SourceTitle "EXT 2014"]
[Source "ChessBase"]
[SourceDate "2013.11.20"]
[SourceVersion "1"]
[SourceVersionDate "2013.11.20"]
[SourceQuality "1"]
[WhiteTeam "Bregenz"]
[BlackTeam "Hohenems II"]
[WhiteTeamCountry "AUT"]
[BlackTeamCountry "AUT"]

1. e4 e6 2. d4 d5 3. Nc3 Nf6 4. Bg5 dxe4 5. Nxe4 Be7 6. Nxf6+ Bxf6 7. Bxf6 Qxf6 8. Nf3 0-0 9. c3 Nd7 10. Bd3 e5 11. Qc2 h6 12. 0-0-0 exd4 13. Nxd4 Nc5 14. Bf5 Bxf5 15. Nxf5 Rad8 16. Ne3 c6 17. h3 Rxd1+ 18. Rxd1 Rd8 19. Rxd8+ Qxd8 20. Qd2 Qxd2+ 21. Kxd2 g6 22. Nc4 Kf8 23. f3 Ne6 24. Ke3 Ke7 25. f4 Nd8 26. g3 Ke6 27. Kd4 b6 28. b4 Nb7 29. Ne5 c5+ 30. Kd3 cxb4 31. cxb4 g5 32. Ke3 f6 33. Nc6 a6 34. Nd4+ Kd5 35. Nf5 Kc4 36. Nxh6 Kxb4 37. Ng8 Ka3 38. Nxf6 gxf4+ 39. Kxf4 Kxa2 40. Nd5 b5 41. Nb4+ Ka3 42. Nxa6 b4 43. Nxb4 Kxb4 44. g4 Kc5 45. Ke5 Kc6 46. Ke6 Nc5+ 47. Kf7 Kd5 48. g5 Ke5 49. g6 Ne6 50. h4 Kf5 51. h5 Nd8+ 52. Ke8 Ne6 53. Kf7 Nd8+ 54. Kg8 Kg5 55. Kh7 Ne6 56. h6 Nf8+ 1/2-1/2

[Event "AUT-chT2W 1213"]
[Site "Austria"]
[Date "2012.12.01"]
[Round "5.6"]
[White "Hicker, Harald"]
[Black "Sandholzer, Robert"]
[Result "0-1"]
[WhiteElo "2107"]
[BlackElo "2155"]
[PlyCount "68"]
[EventDate "2012.10.05"]
[EventType "team-tourn"]
[EventRounds "11"]
[EventCountry "AUT"]
[SourceTitle "EXT 2014"]
[Source "ChessBase"]
[SourceDate "2013.11.20"]
[SourceVersion "1"]
[SourceVersionDate "2013.11.20"]
[SourceQuality "1"]
[WhiteTeam "Mozart"]
[BlackTeam "Hohenems II"]
[WhiteTeamCountry "AUT"]
[BlackTeamCountry "AUT"]

1. d4 Nf6 2. c4 e6 3. Nc3 Bb4 4. Qc2 c5 5. a3 Bxc3+ 6. bxc3 0-0 7. e4 Nc6 8. Nf3 b6 9. Bd3 Ne8 10. e5 f5 11. d5 Na5 12. Bg5 Qc7 13. Be7 Rf7 14. Ng5 Rxe7 15. d6 Nxd6 16. exd6 Qxd6 17. 0-0 Qf4 18. Nh3 Qh4 19. f4 Bb7 20. Rae1 Qf6 21. Re3 Rae8 22. Rfe1 Ba6 23. Qe2 g6 24. Nf2 Qxc3 25. Bxf5 Bxc4 26. Rxc3 Bxe2 27. Bxg6 hxg6 28. Rxe2 Kg7 29. Ne4 d5 30. Ng5 e5 31. fxe5 Rxe5 32. Rxe5 Rxe5 33. Nf3 d4 34. Rd3 Rd5 0-1

[Event "AUT-chT2W 1112"]
[Site "Austria"]
[Date "2012.01.29"]
[Round "8.5"]
[White "Sandholzer, Robert"]
[Black "Loeffler, Christoph"]
[Result "0-1"]
[WhiteElo "2158"]
[BlackElo "2161"]
[PlyCount "68"]
[EventDate "2011.10.07"]
[EventType "team-tourn"]
[EventRounds "11"]
[EventCountry "AUT"]
[SourceTitle "EXT 2013"]
[Source "ChessBase"]
[SourceDate "2012.11.22"]
[SourceVersion "1"]
[SourceVersionDate "2012.11.22"]
[SourceQuality "1"]
[WhiteTeam "Hohenems II"]
[BlackTeam "Salzburg"]
[WhiteTeamCountry "AUT"]
[BlackTeamCountry "AUT"]

1. e4 c6 2. d4 d5 3. e5 Bf5 4. c3 e6 5. Be3 Nd7 6. Nd2 c5 7. f4 Qb6 8. Qb3 Qxb3 9. Nxb3 c4 10. Nd2 b5 11. a3 Rb8 12. Be2 h5 13. g3 Nb6 14. Ngf3 Na4 15. Ra2 Ne7 16. 0-0 Bc2 17. Bd1 Bd3 18. Re1 Nc6 19. Kg2 Be7 20. h3 Kd7 21. g4 Na5 22. Ng1 hxg4 23. hxg4 Bh4 24. Bf2 Bxf2 25. Kxf2 Rh2+ 26. Ke3 Rbh8 27. Ngf3 R8h3 28. f5 Rh1 29. fxe6+ fxe6 30. Rxh1 Rxh1 31. Bxa4 bxa4 32. Kf2 Nb3 33. Ke3 Rd1 34. g5 Ke7 0-1

[Event "AUT-chT2W 1011"]
[Site "Austria"]
[Date "2010.11.26"]
[Round "4"]
[White "Riediger, Martin"]
[Black "Sandholzer, Robert"]
[Result "1/2-1/2"]
[WhiteElo "2252"]
[BlackElo "2095"]
[PlyCount "143"]
[EventDate "2010.10.15"]
[EventType "team-tourn"]
[EventRounds "11"]
[EventCountry "AUT"]
[SourceTitle "EXT 2012"]
[Source "ChessBase"]
[SourceDate "2011.11.24"]
[SourceVersion "1"]
[SourceVersionDate "2011.11.24"]
[SourceQuality "1"]
[WhiteTeam "Ranshofen"]
[BlackTeam "Hohenems II"]
[WhiteTeamCountry "AUT"]
[BlackTeamCountry "AUT"]

1. c4 e6 2. Nf3 Nf6 3. g3 d5 4. d4 dxc4 5. Bg2 Bb4+ 6. Bd2 Be7 7. 0-0 0-0 8. Qc2 Bd7 9. Qxc4 Bc6 10. Rc1 Ne4 11. Be1 Nd6 12. Qc2 Nd7 13. Nbd2 Nf6 14. e3 Rc8 15. Ne5 Bxg2 16. Kxg2 Nf5 17. Qb3 Qd5+ 18. Qxd5 exd5 19. Nb3 c6 20. Na5 Nd6 21. Rc2 Bd8 22. Nb3 Bb6 23. Bb4 Rfd8 24. a4 a6 25. Rac1 Nfe8 26. Ba5 Bxa5 27. Nxa5 f6 28. Nd3 Rd7 29. Rc3 Rcc7 30. Nc5 Re7 31. Rb3 g6 32. Rb6 Ng7 33. Rc3 Ne6 34. Nxa6 bxa6 35. Nxc6 Red7 36. Nb8 Rd8 37. Rcc6 Rxc6 38. Nxc6 Rd7 39. Nb8 Rd8 40. Nc6 Rd7 41. Rxa6 Kf7 42. b4 Nc4 43. b5 Nd8 44. Nb4 Nb7 45. Ra7 Ke6 46. Nc6 Nd8 47. Nxd8+ Rxd8 48. a5 Rb8 49. b6 Kd6 50. g4 g5 51. Kg3 h6 52. h4 Rf8 53. h5 Rh8 54. Kf3 Kc6 55. Rc7+ Kd6 56. Rc5 Rb8 57. Ke2 Ne5 58. Rb5 Kc6 59. a6 Rxb6 60. Rxb6+ Kxb6 61. dxe5 fxe5 62. f4 exf4 63. exf4 gxf4 64. Kf3 Kxa6 65. Kxf4 Kb5 66. Ke3 Kc4 67. Kd2 Kd4 68. g5 Ke5 69. g6 Kf6 70. Kd3 Kg7 71. Kd4 Kh8 72. Kxd5 1/2-1/2

[Event "AUT-chT2W 0910"]
[Site "Austria"]
[Date "2010.03.13"]
[Round "10.4"]
[White "Scheiblmaier, Robert"]
[Black "Sandholzer, Robert"]
[Result "1-0"]
[WhiteElo "2095"]
[BlackElo "2104"]
[PlyCount "109"]
[EventDate "2009.10.23"]
[EventType "team-tourn"]
[EventRounds "11"]
[EventCountry "AUT"]
[SourceTitle "EXT 2011"]
[Source "ChessBase"]
[SourceDate "2010.11.26"]
[SourceVersion "1"]
[SourceVersionDate "2010.11.26"]
[SourceQuality "1"]
[WhiteTeam "Salzburg"]
[BlackTeam "Hohenems II"]
[WhiteTeamCountry "AUT"]
[BlackTeamCountry "AUT"]

1. d4 d5 2. c4 c6 3. cxd5 cxd5 4. Nc3 Nf6 5. Nf3 Nc6 6. Bf4 g6 7. h3 Bg7 8. e3 0-0 9. Be2 Qa5 10. 0-0 Bf5 11. Qb3 Qb4 12. Qxb4 Nxb4 13. a3 Nc6 14. Rfc1 Rac8 15. b4 Rfd8 16. g4 Bd7 17. Ne5 Be8 18. f3 e6 19. Kf2 Nd7 20. Nxc6 Rxc6 21. Nb5 Rdc8 22. Rxc6 Rxc6 23. Nxa7 Rc2 24. Ke1 Nb6 25. Bd3 Rc3 26. Kd2 Na4 27. Rc1 Rxc1 28. Kxc1 f6 29. Bc7 e5 30. dxe5 fxe5 31. Kc2 d4 32. exd4 exd4 33. Bb5 Bxb5 34. Nxb5 Kf7 35. Nd6+ Ke6 36. Nxb7 Kd5 37. Na5 Nc3 38. Nb3 Ne2 39. Bh2 Nc3 40. Kd3 Nd1 41. Ke2 Nc3+ 42. Kd3 Nd1 43. Nc5 Bh6 44. Bg1 Nb2+ 45. Kc2 Nc4 46. a4 Ne5 47. Bh2 Nxf3 48. Bc7 Bf8 49. Nd3 Kc4 50. b5 Kd5 51. a5 Ng5 52. a6 Ne6 53. b6 Kc6 54. Ne5+ Kb5 55. a7 1-0

[Event "AUT-chT2W 0910"]
[Site "Austria"]
[Date "2010.03.12"]
[Round "9.4"]
[White "Sandholzer, Robert"]
[Black "Hrvacic, Pavle"]
[Result "1/2-1/2"]
[WhiteElo "2104"]
[BlackElo "2304"]
[PlyCount "62"]
[EventDate "2009.10.23"]
[EventType "team-tourn"]
[EventRounds "11"]
[EventCountry "AUT"]
[SourceTitle "EXT 2011"]
[Source "ChessBase"]
[SourceDate "2010.11.26"]
[SourceVersion "1"]
[SourceVersionDate "2010.11.26"]
[SourceQuality "1"]
[WhiteTeam "Hohenems II"]
[BlackTeam "Schwarzach"]
[WhiteTeamCountry "AUT"]
[BlackTeamCountry "AUT"]

1. e4 e5 2. Nf3 Nc6 3. d4 exd4 4. Nxd4 Qf6 5. Be3 Bc5 6. c3 Qg6 7. Nd2 Nge7 8. g3 Bxd4 9. cxd4 d5 10. Bg2 dxe4 11. Nxe4 Bf5 12. Nc5 0-0 13. 0-0 b6 14. Nb3 Rad8 15. Qc1 Be4 16. Bxe4 Qxe4 17. Qb1 Qd5 18. Qc2 a5 19. Rad1 Rd7 20. a3 Rfd8 21. Nc1 Nf5 22. Ne2 Qf3 23. Rd3 Nce7 24. Nf4 Qb7 25. Rc3 Nd6 26. Rc1 Nb5 27. Rc4 Nxd4 28. Bxd4 Rxd4 29. Rxc7 Rd1+ 30. Rxd1 Rxd1+ 31. Qxd1 Qxc7 1/2-1/2

[Event "AUT-chT2W 0910"]
[Site "Austria"]
[Date "2010.01.31"]
[Round "8.5"]
[White "Sandholzer, Robert"]
[Black "Enoeckl, Philipp"]
[Result "1/2-1/2"]
[WhiteElo "2104"]
[BlackElo "2216"]
[PlyCount "72"]
[EventDate "2009.10.23"]
[EventType "team-tourn"]
[EventRounds "11"]
[EventCountry "AUT"]
[SourceTitle "EXT 2011"]
[Source "ChessBase"]
[SourceDate "2010.11.26"]
[SourceVersion "1"]
[SourceVersionDate "2010.11.26"]
[SourceQuality "1"]
[WhiteTeam "Hohenems II"]
[BlackTeam "Ranshofen"]
[WhiteTeamCountry "AUT"]
[BlackTeamCountry "AUT"]

1. e4 e6 2. d4 d5 3. exd5 exd5 4. Nf3 Bd6 5. c4 Nf6 6. Nc3 0-0 7. c5 Re8+ 8. Be2 Bf8 9. Bg5 b6 10. cxb6 axb6 11. 0-0 c6 12. Qc2 h6 13. Bh4 Bg4 14. Rfe1 Nbd7 15. h3 Bxf3 16. Bxf3 Rxe1+ 17. Rxe1 Bd6 18. Qe2 Qc7 19. Bxf6 Nxf6 20. Qd3 Re8 21. Rxe8+ Nxe8 22. Qa6 Nf6 23. Na4 Nd7 24. Bg4 b5 25. Bxd7 Qxd7 26. Nb6 Qe7 27. Qc8+ Kh7 28. g3 Qe1+ 29. Kg2 Qe4+ 30. Kg1 Qe1+ 31. Kg2 Qe4+ 32. Kg1 Qxd4 33. Qf5+ Kg8 34. Qc8+ Kh7 35. Qf5+ Kg8 36. Qc8+ Kh7 1/2-1/2

[Event "AUT-chT2W 0910"]
[Site "Austria"]
[Date "2009.11.27"]
[Round "4.5"]
[White "Sandholzer, Robert"]
[Black "Meier, Alexander"]
[Result "1/2-1/2"]
[WhiteElo "2104"]
[BlackElo "2146"]
[PlyCount "118"]
[EventDate "2009.10.23"]
[EventType "team-tourn"]
[EventRounds "11"]
[EventCountry "AUT"]
[SourceTitle "CBM 133 Extra"]
[Source "ChessBase"]
[SourceDate "2010.01.05"]
[SourceVersion "1"]
[SourceVersionDate "2010.01.05"]
[SourceQuality "1"]
[WhiteTeam "Hohenems II"]
[BlackTeam "Jenbach II"]
[WhiteTeamCountry "AUT"]
[BlackTeamCountry "AUT"]

1. e4 g6 2. d4 Bg7 3. Nc3 d6 4. g3 Nc6 5. Be3 Nf6 6. h3 0-0 7. Bg2 e5 8. Nge2 a6 9. 0-0 Nh5 10. Kh2 Ne7 11. dxe5 Bxe5 12. f4 Bh8 13. Bd4 f6 14. Qd3 Ng7 15. Rad1 Rb8 16. Ba7 Ra8 17. Bg1 Rb8 18. Ba7 Ra8 19. Bg1 Rb8 20. a4 Bd7 21. Nd4 h5 22. Rfe1 Kh7 23. Re2 Nc6 24. b3 Nxd4 25. Bxd4 Bc6 26. Nd5 Bxd5 27. exd5 Qd7 28. Rde1 Rbe8 29. c4 Rxe2 30. Rxe2 Rf7 31. Be4 f5 32. Bg2 Re7 33. Rxe7 Qxe7 34. Qe3 Qxe3 35. Bxe3 Ne8 36. Bf3 Bc3 37. g4 hxg4 38. hxg4 Nf6 39. gxf5 gxf5 40. Kg3 Kg6 41. Be2 a5 42. Kf3 c6 43. dxc6 bxc6 44. Bd3 d5 45. cxd5 cxd5 46. Bb6 Ne4 47. Bc2 Kf6 48. Ke3 Ke6 49. Ba7 Bd2+ 50. Kf3 Kd6 51. Ke2 Bc3 52. Ke3 Kc6 53. Bd1 Bb4 54. Bh5 Bc5+ 55. Bxc5 Kxc5 56. Kd3 Nf2+ 57. Ke3 Ne4 58. Kd3 Nd6 59. Bg6 Kb4 1/2-1/2

[Event "AUT-chT2W 0809"]
[Site "Austria"]
[Date "2008.10.19"]
[Round "3.5"]
[White "Sandholzer, Robert"]
[Black "Juen, Leopold"]
[Result "0-1"]
[WhiteElo "2107"]
[BlackElo "1981"]
[PlyCount "70"]
[EventDate "2008.10.17"]
[EventType "tourn"]
[EventRounds "11"]
[EventCountry "AUT"]
[SourceTitle "EXT 2010"]
[Source "ChessBase"]
[SourceDate "2010.11.25"]
[SourceVersion "1"]
[SourceVersionDate "2010.11.25"]
[SourceQuality "1"]
[WhiteTeam "Hohenems II"]
[BlackTeam "Bregenz"]
[WhiteTeamCountry "AUT"]
[BlackTeamCountry "AUT"]

1. e4 e5 2. Nf3 Nc6 3. Bc4 Bc5 4. c3 Nf6 5. d3 d6 6. Nbd2 Bb6 7. 0-0 Bd7 8. Bb3 Ne7 9. Nc4 Ng6 10. Re1 Qe7 11. Nxb6 cxb6 12. h3 h6 13. Nh2 0-0-0 14. a4 Kb8 15. c4 Nf8 16. Bc2 g5 17. b4 Ne6 18. Be3 Nf4 19. b5 Be6 20. a5 Qc7 21. axb6 axb6 22. Qc1 Nd7 23. Qa3 Kc8 24. d4 exd4 25. Bxd4 f6 26. Qc3 Qxc4 27. Qe3 Kc7 28. Bd1 Qd3 29. Rc1+ Kb8 30. Bxb6 Qxe3 31. Bxe3 Nd3 32. Ra1 Nxe1 33. Ba7+ Kc8 34. Be2 b6 35. e5 fxe5 0-1

[Event "AUT-chT2W 0506"]
[Site "Austria"]
[Date "2006.01.20"]
[Round "6"]
[White "Sandholzer, Robert"]
[Black "Schiestl, Josef"]
[Result "1/2-1/2"]
[WhiteElo "2106"]
[BlackElo "2157"]
[PlyCount "111"]
[EventDate "2005.10.08"]
[EventType "team-tourn"]
[EventRounds "11"]
[EventCountry "AUT"]
[SourceTitle "EXT 2007"]
[Source "ChessBase"]
[SourceDate "2006.11.23"]
[SourceVersion "1"]
[SourceVersionDate "2006.11.23"]
[SourceQuality "1"]
[WhiteTeam "Hohenems II"]
[BlackTeam "Zillertal"]
[WhiteTeamCountry "AUT"]
[BlackTeamCountry "AUT"]

1. e4 c5 2. Nf3 Nc6 3. Bb5 g6 4. 0-0 Bg7 5. c3 Nf6 6. Re1 0-0 7. d4 cxd4 8. cxd4 d5 9. e5 Ne4 10. Nc3 Bf5 11. Be3 Rc8 12. Rc1 a6 13. Ba4 Qd7 14. Qe2 b5 15. Bb3 Na5 16. Nd2 Nxc3 17. Rxc3 Rxc3 18. bxc3 Rc8 19. Rc1 Nc4 20. h3 h5 21. Nxc4 bxc4 22. Bc2 Rb8 23. Bxf5 Qxf5 24. Rc2 Rb1+ 25. Kh2 Qd7 26. Rb2 Rxb2 27. Qxb2 f6 28. exf6 Qd6+ 29. g3 Bxf6 30. Qb1 Kg7 31. Bf4 Qc6 32. h4 Qb5 33. Qc2 a5 34. Bc1 e5 35. dxe5 Bxe5 36. Qd2 Qc6 37. Qe3 Qf6 38. Bb2 Qxh4+ 39. Kg1 Qe4 40. Qa7+ Kg8 41. Qxa5 Kh7 42. Qb5 Bg7 43. a4 Qb1+ 44. Kg2 Qe4+ 45. Kg1 h4 46. gxh4 Qg4+ 47. Kf1 Qh3+ 48. Kg1 d4 49. cxd4 c3 50. Bxc3 Qxc3 51. h5 Bxd4 52. hxg6+ Kh6 53. Qf5 Qa1+ 54. Kg2 Qxa4 55. Qf7 Qc6+ 56. Kg1 1/2-1/2

[Event "AUT-chT2W 0405"]
[Site "Austria"]
[Date "2004.12.03"]
[Round "3.6"]
[White "Fuerlinger, Harald"]
[Black "Sandholzer, Robert"]
[Result "1/2-1/2"]
[WhiteElo "2074"]
[BlackElo "2097"]
[PlyCount "48"]
[EventDate "2004.10.16"]
[EventType "team-tourn"]
[EventRounds "11"]
[EventCountry "AUT"]
[SourceTitle "EXT 2005"]
[Source "ChessBase"]
[SourceDate "2004.11.15"]
[SourceVersion "1"]
[SourceVersionDate "2004.11.15"]
[SourceQuality "1"]
[WhiteTeam "Schwaz"]
[BlackTeam "Hohenems II"]
[WhiteTeamCountry "AUT"]
[BlackTeamCountry "AUT"]

1. d4 Nf6 2. c4 e6 3. Nc3 Bb4 4. Qc2 c5 5. dxc5 0-0 6. a3 Bxc5 7. b4 Be7 8. Nf3 b6 9. e4 Bb7 10. Be2 a6 11. e5 Ne8 12. Be3 d6 13. Rd1 Qc7 14. 0-0 dxe5 15. Na4 Nd7 16. Rxd7 Qxd7 17. Nxb6 Qc7 18. Nxa8 Bxa8 19. Rd1 Nf6 20. Qc3 Ng4 21. h3 Nxe3 22. Qxe3 e4 23. Nd2 f5 24. c5 a5 1/2-1/2

[Event "AUT-chT2W 0203"]
[Site "Austria"]
[Date "2002.10.13"]
[Round "3"]
[White "Sandholzer, Robert"]
[Black "Baerner, Helmut"]
[Result "1-0"]
[WhiteElo "2138"]
[BlackElo "2137"]
[PlyCount "131"]
[EventDate "2002.10.??"]
[EventType "team-tourn"]
[EventRounds "11"]
[EventCountry "AUT"]
[SourceTitle "EXT 2004"]
[Source "ChessBase"]
[SourceDate "2003.11.25"]
[SourceVersion "1"]
[SourceVersionDate "2003.11.25"]
[SourceQuality "1"]

1. e4 g6 2. d4 c6 3. Nc3 d5 4. h3 Bg7 5. Nf3 dxe4 6. Nxe4 Nd7 7. Bc4 Nb6 8. Bb3 Nf6 9. Nxf6+ Bxf6 10. Bf4 Nd5 11. Be5 Qa5+ 12. c3 Bxe5 13. Nxe5 Be6 14. 0-0 Nc7 15. Re1 Bxb3 16. Qxb3 0-0 17. Qxb7 Rab8 18. Nxc6 Rxb7 19. Nxa5 Rxb2 20. Rxe7 Nd5 21. Rxa7 Nxc3 22. Rb7 Rc2 23. Re1 Ne2+ 24. Kf1 Nxd4 25. Nb3 Nxb3 26. axb3 Rd8 27. Rbe7 Kg7 28. R7e2 Rc3 29. Rb1 Rb8 30. b4 Rc4 31. b5 Rc7 32. g3 Kf6 33. Kg2 Rc5 34. b6 Rc3 35. Ra2 Rc6 36. Ra6 h5 37. Rb5 Ke6 38. Kf3 Kd6 39. Ra7 Rc3+ 40. Ke4 Kc6 41. Rb4 Rb7 42. Rxb7 Kxb7 43. Rb2 Rc5 44. Rb3 h4 45. Kf4 Rf5+ 46. Kg4 Rxf2 47. Kxh4 Rf5 48. Kg4 Rd5 49. Rb4 f6 50. h4 Rc5 51. Rf4 Rc6 52. h5 gxh5+ 53. Kxh5 Rxb6 54. Kg6 Kc8 55. g4 Kd7 56. Rxf6 Rb4 57. g5 Rg4 58. Kh6 Ke7 59. Rf3 Ke6 60. g6 Rh4+ 61. Kg7 Rg4 62. Kh7 Rg1 63. g7 Rh1+ 64. Kg8 Ra1 65. Rh3 Kf6 66. Kh8 1-0